000 00316nam a22000977a 4500
008 230629b xxu||||| |||| 00| 0 eng d
082 _a336.36
_bBAL
245 _aDebt Relief and the HIPC initiative in African Countries
_bSustainable Democracy and Human Rights
_cOccasional Paper Series
300 _a51p
942 _2ddc
_cBK
999 _c2970
_d2970